000 00471nam a22001817a 4500
999 _c263861
_d263860
003 OSt
005 20240613140220.0
008 240613b xxu||||| |||| 00| 0 eng d
020 _a0439588642
040 _cDLC
050 _a PZ7
_b.B81422 2003
100 _aBrown, Jeff
_d1926-2003
245 _aStanley in space
_c by Jeff Brown
250 _a 1st Harper Trophy ed
260 _a New York
_bHarperTrophy
_c2003
300 _a 102 p
_b ill;
_c20cm
942 _2lcc
_cBK